书目信息 |
| 题名: |
凡尔赛宫原来可以这样看
|
|
| 作者: | 米洛瓦诺维奇 著 ;林珍妮 译 | |
| 分册: | ||
| 出版信息: | 北京 中信出版集团股份有限公司 2015 |
|
| 页数: | 167页 | |
| 开本: | 21cm | |
| 丛书名: | ||
| 单 册: | ||
| 中图分类: | G269.565 , J156.51 | |
| 科图分类: | ||
| 主题词: | 凡尔赛宫--fan er sai gong--介绍 , 凡尔赛宫--fan er sai gong--艺术品--介绍 | |
| 电子资源: | ||
| ISBN: | 978-7-5086-5154-5 | |
| 000 | 01375nam0 22002891 450 | |
| 001 | 1759791207 | |
| 005 | 20170605165304.79 | |
| 010 | @a978-7-5086-5154-5@dCNY36.00 | |
| 100 | @a20150813d2015 am y0chiy50 ea | |
| 101 | 1 | @achi@cfre |
| 102 | @aCN@b110000 | |
| 105 | @aa z 000yy | |
| 106 | @ar | |
| 200 | 1 | @a凡尔赛宫原来可以这样看@Afan er sai gong yuan lai ke yi zhe yang kan@dComment parler du chateau de Versailles aux enfants@f(法)尼古拉·米洛瓦诺维奇著@g林珍妮译@zfre |
| 205 | @a2版@b修订版 | |
| 210 | @a北京@c中信出版集团股份有限公司@d2015 | |
| 215 | @a167页@c彩图@d21cm | |
| 330 | @a本书精选凡尔赛宫30件馆藏艺术珍品,完全以孩子的视角、孩子的问题、孩子的语言对经典艺术发问,是第一本真正写给孩子看的艺术书!分三部分,第一部分讲述了凡尔赛宫的点点滴滴,以及如何能轻松而有效地游览凡尔赛宫;第二部分是作品赏析,针对三个年龄阶段的孩子设置了不同程度的问答,很容易就找到适合不同年龄孩子的解答。第三部分则是参观凡尔赛宫的实用建议。 | |
| 510 | 1 | @aComment parler du chateau de Versailles aux enfants@zfre |
| 606 | 0 | @a凡尔赛宫@Afan er sai gong@x介绍 |
| 606 | 0 | @a凡尔赛宫@Afan er sai gong@x艺术品@x介绍 |
| 690 | @aG269.565@v5 | |
| 690 | @aJ156.51@v5 | |
| 701 | 0 | @c(法)@a米洛瓦诺维奇@Ami luo wa nuo wei qi@c(Milovanovic, Nicolas)@4著 |
| 702 | 0 | @a林珍妮@Alin zhen ni@f(1945~)@4译 |
| 801 | 0 | @aCN@bTANGWEI@c20170518 |
| 905 | @b1007714-7@dG269.565@e23=2@f4 | |
| 凡尔赛宫原来可以这样看=Comment parler du chateau de Versailles aux enfants/(法)尼古拉·米洛瓦诺维奇著/林珍妮译.-2版,修订版.-北京:中信出版集团股份有限公司,2015 |
| 167页:彩图;21cm |
| ISBN 978-7-5086-5154-5:CNY36.00 |
| 本书精选凡尔赛宫30件馆藏艺术珍品,完全以孩子的视角、孩子的问题、孩子的语言对经典艺术发问,是第一本真正写给孩子看的艺术书!分三部分,第一部分讲述了凡尔赛宫的点点滴滴,以及如何能轻松而有效地游览凡尔赛宫;第二部分是作品赏析,针对三个年龄阶段的孩子设置了不同程度的问答,很容易就找到适合不同年龄孩子的解答。第三部分则是参观凡尔赛宫的实用建议。 |
| ● |
| 相关链接 |
|
|
|
|
正题名:凡尔赛宫原来可以这样看
索取号:G269.565/23=2
 
预约/预借
| 序号 | 登录号 | 条形码 | 馆藏地/架位号 | 状态 | 备注 |
| 1 | 1007714 | 210077147 | 第一样本阅览室/ [索取号:G269.565/23=2] | 在馆 | |
| 2 | 1007715 | 210077156 | 第四借阅区/ [索取号:G269.565/23=2] | 在馆 | |
| 3 | 1007716 | 210077165 | 教育系资料室/ [索取号:G269.565/23=2] | 在馆 | |
| 4 | 1007717 | 210077174 | 教育系资料室/ [索取号:G269.565/23=2] | 在馆 |